000 00688nam a2200241 a 4500
008
020 _a0521558859 (pbk.)
049 _aMAIN
090 _aQC20.7.G76
100 1 _aSternberg, S.
245 1 0 _aGroup theory and physics /
_cS. Sternberg.
260 _aCambridge :
_bCambridge University Press,
_c1994.
300 _axiii, 429 p. ;
_c26 cm.
504 _aIncludes bibliographical references.
500 _aIncludes index.
650 0 _aGroup theory.
650 0 _aMathematical physics.
907 _a.b10041461
_b07-09-05
_c17-04-03
003
005 20230123134043.0
040 _cNUST
942 _cBOOKS
_kQC20.7.G76
999 _c159210
_d159210